Quizzes
Events
Quiz Creation
Community
Videos
Private Events
Remove Ads
Sign In
Join for FREE
Feedback
Dark Mode
Quiz Categories
Sports
Geography
Music
Movies
Television
Just For Fun
Miscellaneous
History
Literature
Language
Science
Gaming
Entertainment
Religion
Holiday
For Kids
Quiz Lab
Recent
Popular Today
Quiz Kudos Today
Editor Picks
Curator Picks
Quizzes by...
Day
Popularity
Type
Ratings
Length
Year
Community
Subscriptions
Recent Discussions
Orange Saloon
Badges
Playlists
Quests
Create
Leaderboards
Showdown
Live 5
Trivia Bingo
Activity
Puzzle Library
Sporcle Events
Private Events
Virtual Trivia
Globe League
Become a Host
Pub Owners
SporcleCon
Opinionation
Our Games
Videos
Blog
Mobile Apps
Partnerships
Remove Ads and Go Orange
Feedback
Sports
Athletes
MLB
NBA
NHL
NFL
Soccer
Sports Teams
WWE
NCAA
Football
Premier League
Basketball
Baseball
Hockey
Golf
Tennis
Cricket
Rugby
Auto Racing
Olympics
World Cup
Sports
Athletes
MLB
NBA
NHL
NFL
Soccer
Sports Teams
WWE
NCAA
Football
Premier League
Basketball
Baseball
Hockey
Golf
Tennis
Cricket
Rugby
Auto Racing
Olympics
World Cup
Random Quiz
Search Sporcle
×
Curator Pick
Curator Pick
Sports
NBA
Type in answers that appear in a list
Type in answers that appear in a list
Classic
Best Score? Go Orange.
2013-14 NBA Best +/- Versus Each Playoff Team Stats
Can you name the players that had the best +/- against each 2013-14 NBA Playoff team during the regular season?
By
dlh1231
10m
81 Questions
4,190 Plays
4,190 Plays
4,190 Plays
Comments
Comments
Give Quiz Kudos
Give Quiz Kudos
-
- Ratings
hide this ad
Replay
Link that replays current quiz
Next Quiz
Link to next quiz in quiz playlist
You Got
0%
They Got
Avg Score
43%
Avg Friend Score
Upgrade to see
Score Distribution
Jump to the score distribution portion of the page
Score
0/81
Timer
10:00
0
Plays Today
Team
Player
% Correct
Indiana Pacers (56-
26)
LeBron James
96.6%
Charlotte Bobcats (43-
39)
LeBron James
96.5%
Indiana Pacers (56-
26)
Kevin Durant
92.2%
Houston Rockets (54-
28)
Kevin Durant
92.2%
Chicago Bulls (48-
34)
Kevin Durant
92.2%
Toronto Raptors (48-
34)
Dwyane Wade
86.5%
Houston Rockets (54-
28)
Chris Paul
80%
Golden State Warriors (51-
31)
James Harden
78.7%
Houston Rockets (54-
28)
Blake Griffin
77.7%
Chicago Bulls (48-
34)
Blake Griffin
77.7%
Toronto Raptors (48-
34)
Chris Bosh
77.1%
Washington Wizards (44-
38)
Paul George
76.1%
Oklahoma City Thunder (59-
23)
Dirk Nowitzki
74.2%
Indiana Pacers (56-
26)
Dirk Nowitzki
74.2%
Memphis Grizzlies (50-
32)
Dirk Nowitzki
74.2%
San Antonio Spurs (62-
20)
Dwight Howard
70.2%
Portland Trail Blazers (54-
28)
Dwight Howard
70.2%
San Antonio Spurs (62-
20)
Damian Lillard
69.4%
Oklahoma City Thunder (59-
23)
Damian Lillard
69.4%
Dallas Mavericks (49-
33)
Jason Thompson
63.9%
Brooklyn Nets (44-
38)
Mo Williams
63.8%
Los Angeles Clippers (57-
25)
Roy Hibbert
61.6%
Washington Wizards (44-
38)
Roy Hibbert
61.6%
Washington Wizards (44-
38)
Amir Johnson
60.1%
Houston Rockets (54-
28)
DeAndre Jordan
60%
Chicago Bulls (48-
34)
DeAndre Jordan
60%
Los Angeles Clippers (57-
25)
Manu Ginobili
57.5%
Team
Player
% Correct
Memphis Grizzlies (50-
32)
Manu Ginobili
57.5%
Toronto Raptors (48-
34)
Manu Ginobili
57.5%
Golden State Warriors (51-
31)
Danny Green
54.7%
Portland Trail Blazers (54-
28)
Gerald Green
54.7%
Dallas Mavericks (49-
33)
Danny Green
54.7%
Miami Heat (54-
28)
David Lee
51.3%
Charlotte Bobcats (43-
39)
Courtney Lee
51.2%
Atlanta Hawks (38-
44)
Courtney Lee
51.2%
Oklahoma City Thunder (59-
23)
Robin Lopez
50.6%
Chicago Bulls (48-
34)
Robin Lopez
50.6%
Brooklyn Nets (44-
38)
George Hill
48%
Brooklyn Nets (44-
38)
J.R. Smith
47.8%
Miami Heat (54-
28)
Paul Millsap
45.3%
Dallas Mavericks (49-
33)
Patty Mills
44.4%
Charlotte Bobcats (43-
39)
Patty Mills
44.4%
Atlanta Hawks (38-
44)
Nicolas Batum
43.6%
Memphis Grizzlies (50-
32)
Vince Carter
42.4%
San Antonio Spurs (62-
20)
Chandler Parsons
40.4%
Portland Trail Blazers (54-
28)
Goran Dragic
38.6%
Miami Heat (54-
28)
Nene Hilario
37.9%
Atlanta Hawks (38-
44)
Wesley Matthews
37.3%
Portland Trail Blazers (54-
28)
Andre Iguodala
36.9%
San Antonio Spurs (62-
20)
Terrence Jones
36.4%
San Antonio Spurs (62-
20)
Reggie Jackson
34%
Houston Rockets (54-
28)
J.J. Redick
31.7%
Chicago Bulls (48-
34)
J.J. Redick
31.7%
Dallas Mavericks (49-
33)
Tiago Splitter
30.2%
Team
Player
% Correct
Miami Heat (54-
28)
Trevor Ariza
27.1%
Atlanta Hawks (38-
44)
Trevor Ariza
27.1%
Oklahoma City Thunder (59-
23)
Jose Calderon
26.4%
Washington Wizards (44-
38)
Terrence Ross
23.9%
Oklahoma City Thunder (59-
23)
Ricky Rubio
23.5%
Portland Trail Blazers (54-
28)
Marcus Morris
20.6%
Atlanta Hawks (38-
44)
D.J. Augustin
18.2%
Memphis Grizzlies (50-
32)
Boris Diaw
17.5%
Memphis Grizzlies (50-
32)
Shaun Livingston
13.5%
Toronto Raptors (48-
34)
Jermaine O'Neal
13.3%
Indiana Pacers (56-
26)
Channing Frye
11.7%
Toronto Raptors (48-
34)
Channing Frye
11.7%
Dallas Mavericks (49-
33)
Corey Brewer
11.3%
Los Angeles Clippers (57-
25)
Brandan Wright
10.8%
Golden State Warriors (51-
31)
Dorrell Wright
10.8%
Brooklyn Nets (44-
38)
Iman Shumpert
9%
Charlotte Bobcats (43-
39)
Elton Brand
8.9%
Indiana Pacers (56-
26)
Pero Antic
8.6%
Miami Heat (54-
28)
Matt Bonner
7.9%
Charlotte Bobcats (43-
39)
Greivis Vasquez
7.1%
Miami Heat (54-
28)
Marcus Thornton
6.6%
Brooklyn Nets (44-
38)
Patrick Patterson
6.5%
Los Angeles Clippers (57-
25)
Jae Crowder
3.1%
Golden State Warriors (51-
31)
Jae Crowder
3.1%
Los Angeles Clippers (57-
25)
E'Twaun Moore
1.2%
Golden State Warriors (51-
31)
Diante Garrett
1.2%
Washington Wizards (44-
38)
Matthew Dellavedova
0.6%
Quiz Playlist
Details
Report
Send in Message
Add To Playlist
Classic:
Type in answers that appear in a list
Quiz Source
Last Updated: Feb 16, 2017
Curator Pick in
NBA
Quiz Scoreboard
CHALLENGE
Sign Up to Join the Scoreboard
Show All
Scores
Hide
Comments
May contain spoilers
Recently Published
An Introduction to Baseball
by treessimontrees
Sports
5m
Movies - When Are They Set?
by FPL_Elf
Movies
5m
Popular People in 1961
by mucciniale
History
6m
More to Explore
Quiz From the Vault
Featured Blog Post
Where Did the Easter Bunny Come From?
hide this ad
You Might Also Like...
Tags
Basketball Quiz
NBA Quiz
Verse Quiz
Against
Player
Playoff
team
Today's Top Quizzes in Sports
Browse Sports
hide this ad
Today's Top Quizzes in NBA
Browse NBA
Top Contributed Quizzes in Sports
1
Les meilleurs buteurs des matchs entre le PSG et l’OM
2
2022 World Cup Stars
3
FIFA Club World Cup Champions
4
Les entraîneurs de l'OM et du PSG au 21e siècle
5
Name the Premier League winners with different clubs
6
La finale Lions - Afrique du Sud 2021
7
Les joueurs passés par le LOSC et le RC Lens
8
Criteria MLB: Left Handed Sluggers
9
Players with Multiple 50 Home Run Seasons
10
5-to-1: UK Sports Teams
Explore More
Trending Topics
Harry Potter
Anime
NBA
Marvel
Kpop
Disney
Crossword
Song
Puzzle
Country
WWE
Soccer
Pokémon
The Office
NFL
hide this ad
More By:
dlh1231
Quiz
Plays
Rating
Category
Featured
Created
Most Well-Known Countries By Continent
431,780
4.62
Geography
May 1, 2010
NBA Scorers by Draft Pick
226,476
4.37
Sports
Jun 23, 2010
NBA 25 PPG After 10 Seasons
195,012
4.46
Sports
Dec 28, 2010
NBA Top 5 Scorers by Seasons Played
144,165
4.82
Sports
Apr 10, 2013
First NBA 50 Point Game by Season
116,244
4.66
Sports
Jan 29, 2014
Go to Creator's Profile
Score Distribution
Quiz Creator Spotlight
dlh1231
Follow
Send a Message
Quizzes Created
-
Created Quiz Play Count
-
More By This Creator
Popular Quizzes Today
1
Find the Countries of Europe - No Outlines Minefield
2
Find the US States - No Outlines Minefield
3
The Countries of the World
4
Popular People in 1961
5
US States
6
Find the US States
7
1-10 Letter E Words III
8
Risky Map Clicking: Biggest States A-Z
More Sports Quizzes
Anyone But Sebastian Larsson
Quiz Lab
Trending Quizzes
Risky Map Clicking: Least Populous States A-Z
1-10 Letter F Words
1-10 Letter G Words
One Thing in Common: United Kingdom
Risky Map Clicking: Next State Alphabetically
Recently Updated
Leaping Animals
pecheneg
Reality TV Shows (A-Z)
bhenderson79
Rickey Henderson's Hall of Fame Teammates
pecheneg
Champions League XIs: Arsenal
pecheneg
Quick Pick: Celebrities in WWE's Hall of Fame
aduchscher
A-Z Keypad Blitz II
pecheneg
Multiple Oscar Actors
pecheneg
Mystery Phrase Blitz: Oscar 'Best Actors'
pecheneg
F. Scott Fitzgerald Novels
LTH
Pick 3 Villains
ddd62291
Trending Topics
NBA
Marvel
Anime
Kpop
Crossword
Disney
Harry Potter
Country
WWE
Pokémon
Song
The Office
Puzzle
NFL
Soccer
Your Account Isn't Verified!
In order to create a playlist on Sporcle, you need to verify the email address you used during registration. Go to your
Sporcle Settings
to finish the process.
Report this User
Report this user for behavior that violates our
Community Guidelines
.
Details:
Send Report
Go to the Sporcle.com Mobile Site →
Comments